Normal view
MARC view
- Saeed Asi
Entry Personal Name
001 - CONTROL NUMBER
- control field: 9842
003 - CONTROL NUMBER IDENTIFIER
- control field: NUST
005 - DATE AND TIME OF LATEST TRANSACTION
- control field: 20180124162903.0
008 - FIXED-LENGTH DATA ELEMENTS
- fixed length control field: 180124|| aca||aabn | a|a d
040 ## - CATALOGING SOURCE
- Original cataloging agency: NUST
- Transcribing agency: NUST
100 ## - HEADING--PERSONAL NAME
- Personal name: Saeed Asi
670 ## - SOURCE DATA FOUND
- Source citation: Work cat.: (NUST)325453: Saeed Asi, Kab Raaj Karey Gi Khalqay Khuda, 2012
